03364 2201561 4500001002100000005001500021035002000036007000300056008004100059020002200100082001000122084001600132100002600148245006600174250001600240300003300256500003700289650003300326700003000359264003100389336002100420337003000441338002300471990001200494990001200506990001200518990001200530990001200542990001200554990001200566990001200578990001200590990001200602990001200614990001200626990001200638990001200650990001200662990001200674990001200686990001200698990001200710990001200722990001200734990001200746990001200758990001200770990001200782990001200794990001200806990001200818990001200830990001200842990001200854990001200866990001200878990001200890990001200902990001200914990001200926990001200938990001200950990001200962990001200974990001200986990001200998990001201010990001201022990001201034990001201046990001201058990001201070990001201082990001201094990001201106990001201118990001201130990001201142990001201154990001201166990001201178990001201190990001201202990001201214990001201226990001201238990001201250990001201262990001201274990001201286990001201298990001201310990001201322990001201334990001201346990001201358990001201370990001201382990001201394990001201406990001201418990001201430990001201442990001201454990001201466990001201478990001201490990001201502990001201514990001201526990001201538990001201550990001201562990001201574990001201586990001201598990001201610990001201622990001201634990001201646990001201658990001201670990001201682990001201694990001201706990001201718990001201730990001201742990001201754990001201766990001201778990001201790INLIS00000000000028220231027095500 a0010-1023000063ta231027 0 ind  a978-602-445-333-6 a004.6 a004.6 PAT s0 aPatwiyantoePengarang1 aSimulasi dan Komunikasi Digital SMK/MAK Kelas X /cPatwiyanto aed. 1 cet 1 avi, 202 hlm :bilus ;c26 cm aKurikulum 2013 Edisi Revisi 2017 4aTeknik Komputer dan Jaringan0 aAden R. KamalePenyunting aBogor :bYudhistira,c2018 2rdacontentateks 2rdamediaatanpa perantara 2rdacarrieravolume a22.0522 a22.0523 a22.0524 a22.0525 a22.0526 a22.0527 a22.0528 a22.0529 a22.0530 a22.0531 a22.0532 a22.0533 a22.0534 a22.0535 a22.0536 a22.0537 a22.0538 a22.0539 a22.0540 a22.0541 a22.0542 a22.0543 a22.0544 a22.0545 a22.0546 a22.0547 a22.0548 a22.0549 a22.0550 a22.0551 a22.0552 a22.0553 a22.0554 a19.0555 a19.0556 a19.0557 a19.0558 a19.0559 a19.0560 a19.0561 a19.0562 a19.0563 a19.0564 a19.0565 a19.0566 a19.0567 a19.0568 a19.0569 a19.0570 a19.0571 a19.0572 a19.0573 a19.0574 a19.0575 a19.0576 a19.0577 a19.0578 a19.0579 a19.0580 a19.0581 a19.0582 a19.0583 a19.0584 a19.0585 a19.0586 a19.0587 a19.0588 a19.0589 a19.0590 a19.0591 a19.0592 a19.0593 a19.0594 a19.0595 a19.0596 a19.0597 a19.0598 a19.0599 a19.0600 a19.0601 a19.0602 a19.0603 a19.0604 a19.0605 a19.0606 a19.0607 a19.0608 a19.0609 a19.0610 a19.0611 a19.0612 a19.0613 a19.0614 a19.0615 a19.0616 a19.0617 a19.0618 a19.0619 a19.1603 a19.1604 a19.1605 a19.1606 a19.1607 a19.1608 a19.1609 a19.1610 a19.1611 a19.1612 a19.1613